1260 1728 1354 1829 1734 1850 1312 1350 1690 1393 1489 1453 1226 1596 1647 1104 1189 1023 1118 1954 1068 1516 1383 1448 1034 1184 1487 1316 1024 1730 1277 1578 1667 1011 1453 1637 1769 1903 1020 1225 1192 1579 1046 1393 1807 1742 1957 1551 1921 1408 1527 1897 1198 1447 1150 1273 1081 1021 1747 1198 1537 1637 1259 1116 1751 1555 1569 1573 1250 1986 1693 1743 1110 1903 1179 1410 1040 1210 1235 1480 1850 1263 1486 1185 1857 1137 1430 1324 1646 1398 1327 1542 1856 1667 1078 1076 1181 1346 1177 BCNSPRNW ULIB Ver.6.0+V

เปลี่ยนเป็นภาษาไทย

Change to English
 แสดงรายละเอียดบรรณานุกรม
  กลับหน้าหลัก

Brief Record : Get Marc (ISO 2709) : E-mail record : QR code < ปิดหน้าต่าง
LEADER : 00000nam 2200000uu 4500
001    13399114875
003     ULIB
008    020711s1999 th a 000 0 eng d
020    0781733669
060  4 WY49^bC294H
100    ^aLynda Jull Carpenito
245    ^aHandbook of Nursing Diagnosis/^cLynda Jull Carpenito
250    9 th
260    ^aNew York ^bLippincott,^c1999
300    665 pond
650  7 Diagnosis
945    ^p776^l0^i015264
995    Thossaporn
999 ^a ทศพร
รายการนี้ยังไม่มีแท็ก
คุณยังไม่ได้ล็อกอิน คุณสามารถมีกิจกรรมร่วมกับเว็บไซต์ได้ แต่ต้องล็อกอินก่อน ::
  ล็อกอิน

รายการสื่อสารสนเทศ

ลำดับที่ ประเภท เลขเรียก/บาร์โค้ด สถานที่ สถานะ
- ไม่พบข้อมูล -

รายการใกล้เคียง
    หัวเรื่อง [Diagnosis]

BibComment


ยังไม่เคยถูกคอมเมนท์

คอมเมนท์ทรัพยากรรายการนี้
  คอมเมนท์: Handbook of Nurs..


 Copyright 2026. Bcnsprnw @Library